| Поле | Название | Значение |
| |
Тип записи |
a |
| |
Библиографический уровень |
m |
| 001 |
Контрольный номер |
fffa78413d8c40ee9f407e6fe0848af5 |
| 005 |
Дата корректировки |
20241022093932.9 |
| 010 |
Индекс ISBN |
__ |
| a |
ISBN |
978-5-353-08747-2 (в пер.) |
| d |
Цена |
320-75 |
| 100 |
Данные общей обработки |
__ |
| a |
Данные общей обработки |
19181113d2018||||||| 0rusy0189 ca |
| 101 |
Язык документа |
0_ |
| a |
Язык текста |
rus |
| 102 |
Страна публикации |
__ |
| a |
Страна публикации |
ru| |
| 102 |
Страна публикации |
__ |
| a |
Страна публикации |
RU |
| 105 |
Кодированные данные (монография) |
__ |
| a |
Кодированные данные (монография) |
#|||||||000zy |
| 200 |
Заглавие и сведения об ответственности |
1_ |
| a |
Заглавие |
Старая дорога |
| e |
Сведения, относящиеся к заглавию |
[для среднего школьного возраста] |
| f |
Первые сведения об ответственности |
Евгений Рудашевский |
| b |
Общее обозначение материала |
Текст |
| 210 |
Выходные данные |
__ |
| a |
Место издания |
Москва |
| c |
Издательство |
Росмэн |
| d |
Дата издания |
2018 |
| 215 |
Физическое описание |
__ |
| a |
Объем |
395, [2] с. |
| d |
Формат |
22 см |
| 225 |
Серия |
__ |
| a |
Серия |
Эрхегорд |
| v |
Обозначение тома |
книга 2 |
| 330 |
Аннотация |
__ |
| a |
Аннотация |
Вторая книга фэнтези-серии "Эрхегорд" от лауреата конкурса "Новая детская книга" Евгения Рудашевского. Предметы, доставшиеся людям от неведомых Предшественников и ранее дарившие благоденствие и покой, словно сошли с ума и теперь причиняют людям боль и страдания. Единственный способ понять, что творится в некогда процветавшем мире, - это отправиться в опасное странствие по землям, охваченным предчувствием страшной беды. Автор серии, Евгений Рудашевский - журналист, путешественник, лауреат Всероссийского конкурса "Книгуру", литературной премии "Золотой Дельвиг", Южно-Уральской литературной премии. |
| 333 |
Примечание о целевом назначении |
__ |
| a |
Примечание о целевом назначении |
12+. Для детей старше 12 лет |
| 606 |
Тематические рубрики |
__ |
| a |
Основная рубрика |
Художественная литература |
| 606 |
Тематические рубрики |
__ |
| a |
Основная рубрика |
Современная русская литература (произведения) |
| 610 |
Ключевые слова |
__ |
| a |
Ключевые слова |
детская литература |
| 610 |
Ключевые слова |
__ |
| a |
Ключевые слова |
романы |
| 610 |
Ключевые слова |
__ |
| a |
Ключевые слова |
фэнтези |
| 610 |
Ключевые слова |
__ |
| a |
Ключевые слова |
фэнтези |
| 610 |
Ключевые слова |
__ |
| a |
Ключевые слова |
подростковая литература |
| 610 |
Ключевые слова |
__ |
| a |
Ключевые слова |
тема тайн |
| 610 |
Ключевые слова |
__ |
| a |
Ключевые слова |
тема мистики |
| 610 |
Ключевые слова |
__ |
| a |
Ключевые слова |
тема волшебства |
| 686 |
Индексы других классификаций |
__ |
| 2 |
Код системы |
rubbks |
| a |
Классификационный индекс |
84(2=411.2)6-4; ст84(2Рос=Рус)6-4 |
| 700 |
Автор |
_1 |
| a |
Фамилия |
Рудашевский |
| b |
Имя |
Е. В. |
| f |
Даты |
1987- |
| g |
Полное личное имя |
Евгений Всеволодович |
| 4 |
Код отношения |
070 |
| 801 |
Источник записи |
_0 |
| a |
Страна |
ru |
| b |
Организация |
Муниципальное бюджетное учреждение культуры "Централизованная библиотечная система" г. Сургут (Центральная городская библиотека им. А. С. Пушкина) |
| c |
Дата составления |
20181113 |
| g |
Правила каталогизации |
PSBO |
| 801 |
Источник записи |
_1 |
| a |
Страна |
ru |
| b |
Организация |
Муниципальное бюджетное учреждение культуры "Централизованная библиотечная система" г. Сургут (Центральная городская библиотека им. А. С. Пушкина) |
| c |
Дата составления |
20181113 |
| g |
Правила каталогизации |
PSBO |
| 852 |
Данные о местонахождении |
__ |
| j |
Шифр хранения |
84(2=411.2)6-4 |
| i |
Авторский знак |
Р 83 |
| 901 |
Тип документа |
__ |
| t |
Тип документа |
m |
| a |
Ответственный |
КиК/Мамарузиева |
| 903 |
Характеристики (МАРС) |
__ |
| a |
Дата передачи |
20181113 |
| 969 |
Тип издания |
__ |
| a |
Тип издания |
издание для детей |
| 990 |
Данные о заказе (DOS) |
__ |
| j |
Количество экземпляров (DOS) |
6 |
| t |
N записи в КСУ для И/У (DOS) |
201811 |